Online
Catalog

Teatro infantil / (Record no. 9428)

MARC details
000 -CABECERA
campo de control de longitud fija 01040cam a2200289 a 4500
001 - NÚMERO DE CONTROL
campo de control 000009668
005 - FECHA Y HORA DE LA ÚLTIMA TRANSACCIÓN
campo de control 20200929161649.0
008 - DATOS DE LONGITUD FIJA--INFORMACIÓN GENERAL
campo de control de longitud fija 990219s1987 sp j 001 f spa
020 ## - NÚMERO INTERNACIONAL ESTÁNDAR DEL LIBRO
Número Internacional Estándar del Libro 8476440170
035 ## - NÚMERO DE CONTROL DEL SISTEMA
Número de control de sistema (DLC) 99174985
040 ## - FUENTE DE LA CATALOGACIÓN
Centro catalogador/agencia de origen DO-SdBNP
Centro/agencia transcriptor DLC
Centro/agencia modificador BNPHU
082 ## - NÚMERO DE LA CLASIFICACIÓN DECIMAL DEWEY
Número de clasificación 862.64
Número de documento/Ítem E56t
049 ## - FONDOS LOCALES (OCLC)
Fondos de biblioteca BNGR
100 1# - ENTRADA PRINCIPAL--NOMBRE DE PERSONA
Nombre de persona Enciso, Pilar.
Fechas asociadas al nombre 1920-2009
9 (RLIN) 24558
245 10 - MENCIÓN DE TÍTULO
Título Teatro infantil /
Mención de responsabilidad, etc. Pilar Enciso y Lauro Olmo.
260 ## - PUBLICACIÓN, DISTRIBUCIÓN, ETC.
Lugar de publicación, distribución, etc. Madrid :
Nombre del editor, distribuidor, etc. Antonio Machado,
Fecha de publicación, distribución, etc. 1987.
300 ## - DESCRIPCIÓN FÍSICA
Extensión v. 1 ;
Dimensiones 17 cm.
490 1# - MENCIÓN DE SERIE
Mención de serie Teatral
490 1# - MENCIÓN DE SERIE
Mención de serie Biblioteca Antonio Machado de teatro
Designación de volumen o secuencia 11
Mención de serie Teatro de autores españoles
500 ## - NOTA GENERAL
Nota general La biblioteca posee el volumen 1.
505 1# - NOTA DE CONTENIDO CON FORMATO
Nota de contenido con formato 1. El león enganado ; El león enamorado ; La maquinita que no queria pitar
650 #4 - PUNTO DE ACCESO ADICIONAL DE MATERIA--TÉRMINO DE MATERIA
Término de materia o nombre geográfico como elemento de entrada Teatro infantil español
9 (RLIN) 24559
650 #4 - PUNTO DE ACCESO ADICIONAL DE MATERIA--TÉRMINO DE MATERIA
Término de materia o nombre geográfico como elemento de entrada Literatura infantil española
9 (RLIN) 24560
700 1# - PUNTO DE ACCESO ADICIONAL--NOMBRE DE PERSONA
Nombre de persona Olmo, Lauro,
Fechas asociadas al nombre 1922- 1994.
9 (RLIN) 15542
830 #0 - PUNTO DE ACCESO ADICIONAL DE SERIE-TÍTULO UNIFORME
Título uniforme Biblioteca Antonio Machado de teatro ;
Designación de volumen o secuencia 11,
Nombre de parte o sección de la obra Teatro de autores españoles
9 (RLIN) 24561
910 ## - DATOS DE OPCIÓN DEL USUARIO (OCLC)
Datos de opción del usuario Catalogación por copia / LC
Holdings
Estado de retiro Estado de pérdida Restricciones de uso No para préstamo Código de colección Localización permanente Ubicación/localización actual Ubicación en estantería Fecha de adquisición Número de inventario Total de préstamos Signatura topográfica completa Código de barras Fecha visto por última vez Precio válido a partir de Tipo de ítem Koha
    Préstamo interno   Monografías: Libros y Folletos General General En catalogación 30.09.2009 LF1   T.1 9668-10 25.06.2020 25.06.2020 Préstamo interno

Powered by Koha